Normal view MARC view
  • Werneck, Vera Rudge

Entry NOMBRE PERSONAL

Number of records used in: 2

001 - NUMERO DE CONTROL DEL REGISTRO

  • Campo de control: 177114

003 - IDENTIFICADOR DEL NÚMERO DE CONTROL

  • Campo de control: ES-SlBCS

005 - FECHA Y HORA DE LA ÚLTIMA TRANSACCIÓN

  • Campo de control: 20210327224826.0

008 - ELEMENTOS DE LONGITUD FIJA

  • Campos de control de longitud fija: 210327|| aca||aabn | a|a d

040 ## - FUENTE DE LA CATALOGACIÓN

  • Agencia que crea de manera original el registro: ES-SlBCS
  • Agencia que realiza la transcripción: ES-SlBCS

100 ## - ENCABEZAMIENTO - NOMBRE PERSONAL

  • Nombre personal: Werneck, Vera Rudge

670 ## - FUENTE EN LA QUE SE LOCALIZARON DATOS

  • Cita de la fuente: Work cat.: (ES-SlBCS)552157: Werneck, Vera Rudge, A relaçao fim e objetivo em Max Scheler - O critério de valor da produçao cultural

Bibliotecas Dominicos Provincia Hispania, 2016

Con tecnología Koha